| 000 | 00467nam a22001577a 4500 | ||
|---|---|---|---|
| 005 | 20251108170035.0 | ||
| 008 | 250721s1993 xx 000 0 ara d | ||
| 082 | 1 | 4 | _a320.01/عال |
| 100 | 1 | _aالعالي، عبد السلام | |
| 245 | 1 | 0 | _aثقافة الأذن و ثقافة العين / |
| 264 | 1 |
_aالدار البيضاء : _bتوبقال، _c1993. |
|
| 300 | _a127ص | ||
| 650 | 1 | 7 | _aالفلسفة السياسية |
| 942 |
_2ddc _cBK |
||
| 999 |
_c38143 _d38143 |
||